000
00215 a2200097 4500
001
45288
100
_a
E Ower
245
_a
The measurement of air f
260
_a
London
_b
chapman hall ltd
_c
090
_c
28469
_d
28469
942
_a
NUST-CAE
_c
M
_c
20523
999
_c
280361
_d
280361